<?xml version="1.0" encoding="UTF-8"?>
<record
    xmlns:xsi="http://www.w3.org/2001/XMLSchema-instance"
    xsi:schemaLocation="http://www.loc.gov/MARC21/slim http://www.loc.gov/standards/marcxml/schema/MARC21slim.xsd"
    xmlns="http://www.loc.gov/MARC21/slim">

  <leader>00648cam a2200217   4500</leader>
  <controlfield tag="001">38662</controlfield>
  <controlfield tag="003">BD-RjUL</controlfield>
  <controlfield tag="005">20250705190302.0</controlfield>
  <controlfield tag="008">240324s2005    ii            000 0 urdo </controlfield>
  <datafield tag="035" ind1=" " ind2=" ">
    <subfield code="a">(BD-RjUL)38662</subfield>
  </datafield>
  <datafield tag="040" ind1=" " ind2=" ">
    <subfield code="a">DLC</subfield>
    <subfield code="c">CUY</subfield>
    <subfield code="d">CUY</subfield>
    <subfield code="d">CGU</subfield>
    <subfield code="d">ZCU</subfield>
    <subfield code="d">BD-RjUL</subfield>
    <subfield code="b">urd</subfield>
  </datafield>
  <datafield tag="041" ind1=" " ind2=" ">
    <subfield code="a">urd</subfield>
  </datafield>
  <datafield tag="082" ind1=" " ind2=" ">
    <subfield code="b">891.439109</subfield>
    <subfield code="2">23</subfield>
    <subfield code="a">IQB 1935</subfield>
  </datafield>
  <datafield tag="245" ind1="1" ind2="0">
    <subfield code="a">&#x628;&#x627;&#x644; &#x62C;&#x628;&#x631;&#x6CC;&#x644;  ;;;;  Bal-i Jibril  /</subfield>
    <subfield code="c">&#x639;&#x644;&#x627;&#x645;&#x6C1; &#x627;&#x642;&#x628;&#x627;&#x644;   ;;; Allama Iqbal </subfield>
  </datafield>
  <datafield tag="260" ind1=" " ind2=" ">
    <subfield code="a">NewDelhii :</subfield>
    <subfield code="b">&#x627;</subfield>
    <subfield code="c">1935</subfield>
  </datafield>
  <datafield tag="300" ind1=" " ind2=" ">
    <subfield code="a">223 p. :</subfield>
    <subfield code="c">20 cm.</subfield>
  </datafield>
  <datafield tag="500" ind1=" " ind2=" ">
    <subfield code="a">In Urdu.</subfield>
  </datafield>
  <datafield tag="650" ind1=" " ind2=" ">
    <subfield code="a">Urdu</subfield>
    <subfield code="v">Poetry</subfield>
    <subfield code="x">history &amp; Criticism</subfield>
    <subfield code="9">12488</subfield>
  </datafield>
  <datafield tag="700" ind1=" " ind2=" ">
    <subfield code="a">&#x639;&#x644;&#x627;&#x645;&#x6C1; &#x627;&#x642;&#x628;&#x627;&#x644;  ;;;</subfield>
    <subfield code="9">12489</subfield>
  </datafield>
  <datafield tag="942" ind1=" " ind2=" ">
    <subfield code="2">ddc</subfield>
    <subfield code="c">BK</subfield>
  </datafield>
  <datafield tag="999" ind1=" " ind2=" ">
    <subfield code="c">85129</subfield>
    <subfield code="d">85129</subfield>
  </datafield>
  <datafield tag="952" ind1=" " ind2=" ">
    <subfield code="0">0</subfield>
    <subfield code="1">0</subfield>
    <subfield code="2">ddc</subfield>
    <subfield code="4">0</subfield>
    <subfield code="7">1</subfield>
    <subfield code="8">NFIC</subfield>
    <subfield code="a">RUCL</subfield>
    <subfield code="b">RUCL</subfield>
    <subfield code="c">Reading</subfield>
    <subfield code="d">2025-07-05</subfield>
    <subfield code="l">0</subfield>
    <subfield code="o">U 891.439109 IQB 1935</subfield>
    <subfield code="r">2025-07-05 00:00:00</subfield>
    <subfield code="t">C-1</subfield>
    <subfield code="w">2025-07-05</subfield>
    <subfield code="y">BK</subfield>
  </datafield>
</record>
